000 00280nam a2200109Ia 4500
008 230320s9999||||xx |||||||||||||| ||spa||
082 _a370.152/G83
100 _aGros Salvat, Begoña
245 0 _aTeorías Cognitivas De Enseñanza Y Aprendizaje
260 _bEUB
942 _80
_cLIB
999 _c47390
_d47390